000
00228 a2200097 4500
001
6466
100
_a
Buckingham, A D
245
_a
Laws and Applications of Thermodynamics, The.
260
_a
_b
pergamon
_c
090
_c
5324
_d
5324
942
_a
NUST-CAE
_c
M
_c
31739
999
_c
241539
_d
241539